The Grey Quiz Stats

 Plays Quiz Updated Nov 24, 2021

     
Support Sporcle.
Go Orange.
Score 0/28 Timer 07:00
0 Plays Today
Hint Answer % Correct
2011 thriller movie that pit Liam Neeson against wolvesThe Grey
100%
Popular brand of vodka Grey Goose
89.3%
Bus company whose symbol is a racing dog Greyhound
87.2%
Erotic novel by E.L. JamesFifty Shades of Grey
73%
Textbook-inspired TV series that gave us McDreamy?Grey's Anatomy
70.5%
Pardon me, would you have any of this fancy mustardGrey Poupon
59.7%
U.K. Prime Minister or a popular tea varietyEarl Grey
56.8%
Grammy-winning R&B singer who sang the hit single 'I Try'Macy Gray
46.9%
Huge water mammal, once called the Devil FishGray Whale
46.2%
Actress from Dirty Dancing - don't put her in a cornerJennifer Grey
44.5%
Wizard who led the Fellowship of the RingGandalf the Grey
39.7%
One of the original members of the X-Men..aka PhoenixJean Grey
32.9%
Savage werewolf from the Harry Potter seriesFenrir Greyback
30.7%
Canadian Football League championship trophyThe Grey Cup
26.5%
Hint Answer % Correct
1982 American Civil War mini seriesThe Blue and the Gray
24.5%
Central location in the Masters of the Universe and place of refuge for He-ManCastle Grayskull
23.3%
Queen of England for nine days in 1553Lady Jane Grey
23%
Oscar Wilde’s only novelThe Picture of Dorian Gray
22.2%
Singer of the 2000 hit 'Babylon'David Gray
21%
The alias of the original Robin, who became NightwingDick Grayson
20.7%
Singer of the 1973 hit 'Drift Away'Dobie Gray
19%
The Grateful Dead’s biggest hit singleTouch of Grey
18.6%
California governor defeated by Arnold Schwarzenegger in a recall electionGray Davis
17%
Nickname for the New York TimesThe Gray Lady
16.4%
Actor who played the Master of Ceremonies in 'Cabaret'Joel Grey
15.8%
Author of numerous Western novels, including “The Riders of the Purple Sage”Zane Grey
12.5%
Title of the documentary, musical and HBO drama based on the story of Jacqueline Onassis’ eccentric relativesGrey Gardens
1.7%
Component of the central nervous system containing numerous cell bodiesGrey Matter
0.4%

From the Vault

Movie by Repeated Quote II

by mpoole793

Movies 5m
You stay classy, San Diego.
Remove Ads.
Support Sporcle.
Get the best of Sporcle when you Go Orange. This ad-free experience offers more features, more stats, and more fun while also helping to support Sporcle. Thank you for becoming a member.

Show Comments

Extras

Top Quizzes Today


Score Distribution

Your Account Isn't Verified!

In order to create a playlist on Sporcle, you need to verify the email address you used during registration. Go to your Sporcle Settings to finish the process.

Report this User

Report this user for behavior that violates our Community Guidelines.

Details: